Prešov
Zobrazenie: Pohľad na Františkánsky kostol mierne sprava. V popredí pred kostolom stojí jedna žena a vľavo za ňou sa o múr na schodišti opiera jedna osoba. Vľavo za múrom, pred vchodom do kosotla rastie listnatý strom. Jeden ďalší listnatý strom vidno aj vpravo v pozadí za bránou, v areáli kostola...
| Format: | Photo |
|---|---|
| Language: | Slovak German Hungarian |
| PhysicalDescription: | 1 pohľadnica tónovaná do hneda 14 x 9 cm |
| Published: |
[Prešov]
Lichtig
[medzi 1922 a 1939?]
|
| Subjects: |
MARC
| LEADER | 00000ckm a2200000 a 4500 | ||
|---|---|---|---|
| 001 | vtls011828399 | ||
| 003 | SK-MaSNL | ||
| 005 | 20260302060426.0 | ||
| 007 | kf ao | ||
| 008 | 230718q1922 xo g kuslo | ||
| 015 | |a SNBG | ||
| 035 | |a urn:nbn:sk:snk-km00dtg0 | ||
| 035 | |a urn:nbn:sk:snk-km3luke | ||
| 035 | |a E6143B93-D9BD-46CC-A29B-F60885F1F38F | ||
| 040 | |a SNK |b slo |c SNK |e AACR2 | ||
| 041 | 0 | |a slo |a ger |a hun | |
| 043 | |a e-xo--- | ||
| 044 | |a xo |c SK | ||
| 072 | 7 | |a 913 |x Regionálna geografia |2 konspekt | |
| 080 | |a 913(437.6) |2 2011 | ||
| 080 | |a 726:27-523.42 |2 2011 | ||
| 080 | |a (084.121) |2 2011 | ||
| 245 | 0 | 0 | |a Prešov |h grafika |
| 246 | 1 | |i Názov na adresnej časti: |a Franciskansky - kostol | |
| 246 | 3 | 1 | |a Franciskaner - Kirche |
| 246 | 3 | 1 | |a Franciskanus - templom |
| 260 | |a [Prešov] |b Lichtig |c [medzi 1922 a 1939?] | ||
| 300 | |a 1 pohľadnica |b tónovaná do hneda |c 14 x 9 cm | ||
| 500 | |a Názvové údaje prevzaté z obrazovej časti pohľadnice | ||
| 520 | 8 | |a Zobrazenie: Pohľad na Františkánsky kostol mierne sprava. V popredí pred kostolom stojí jedna žena a vľavo za ňou sa o múr na schodišti opiera jedna osoba. Vľavo za múrom, pred vchodom do kosotla rastie listnatý strom. Jeden ďalší listnatý strom vidno aj vpravo v pozadí za bránou, v areáli kostola | |
| 546 | |a Súbežný názov v maď. a nem. | ||
| 650 | 0 | 7 | |a kostoly |2 SNKPH |9 3023 |
| 651 | 7 | |a Prešov (Slovensko) |2 SNKPHgeo |9 17347 | |
| 655 | 7 | |a miestne pohľadnice |2 SNKPH |9 70510 | |
| 852 | |a Slovenská národná knižnica | ||
| 958 | |a ONDV | ||
| 958 | |a GBN | ||
| 958 | |a GC | ||
| 999 | |c 1121213 |d 1123143 | ||
| 952 | |a SNK |b SNK |y PREZ |7 0 |p 17A1292392 |o snkSP 104146 |0 0 |1 0 |4 0 |d 2018-12-07 |f 1 |l 0 |r 2026-02-24 18:31:15 |w 2026-02-24 | ||


